Advanced Engineering Mathematics (Record no. 129392)

MARC details
000 -LEADER
fixed length control field 00385nam a2200157Ia 4500
008 - FIXED-LENGTH DATA ELEMENTS--GENERAL INFORMATION
fixed length control field 230917s9999||||xx |||||||||||||| ||und||
040 ## - CATALOGING SOURCE
-- 127964
Original cataloging agency VIVEKANANDA LIBRARY
041 ## - Language
-- English
082 ## - DDC NUMBER
Classification number 510.2462 K889A
100 ## - MAIN ENTRY--PERSONAL NAME
Personal name Kreyszig, Erwin
245 #0 - TITLE STATEMENT
Title Advanced Engineering Mathematics
250 ## - EDITION STATEMENT
Edition statement 8th ed.
260 ## - PUBLICATION, DISTRIBUTION, ETC. (IMPRINT)
Place of publication, distribution, etc New York
Name of publisher, distributor, etc John Wiley
Date of publication, distribution, etc 2005
300 ## - PHYSICAL DESCRIPTION
Pages 1156 p.
942 ## - ADDED ENTRY ELEMENTS (KOHA)
Koha item type Books
Holdings
Withdrawn status Lost status Damaged status Not for loan Location (home branch) Sublocation or collection (holding branch) Shelving location Date acquired Koha issues (times borrowed) Koha full call number Accession No. Koha date last seen Koha item type
        VIVEKANANDA LIBRARY VIVEKANANDA LIBRARY UIET Library 17/11/2005   510.2462 K889A 226451 17/09/2023 Books
        VIVEKANANDA LIBRARY VIVEKANANDA LIBRARY UIET Library 17/11/2005   510.2462 K889A 226452 17/09/2023 Books
        VIVEKANANDA LIBRARY VIVEKANANDA LIBRARY UIET Library 17/11/2005   510.2462 K889A 226453 17/09/2023 Books
        VIVEKANANDA LIBRARY VIVEKANANDA LIBRARY UIET Library 17/11/2005   510.2462 K889A 226454 17/09/2023 Books
        VIVEKANANDA LIBRARY VIVEKANANDA LIBRARY UIET Library 17/11/2005   510.2462 K889A 226455 17/09/2023 Books
        VIVEKANANDA LIBRARY VIVEKANANDA LIBRARY UIET Library 17/11/2005   510.2462 K889A 226457 17/09/2023 Books
        VIVEKANANDA LIBRARY VIVEKANANDA LIBRARY   17/11/2005   510.2462 K889A 226458 17/09/2023 Books
        VIVEKANANDA LIBRARY VIVEKANANDA LIBRARY   17/11/2005   510.2462 K889A 226459 17/09/2023 Books
        VIVEKANANDA LIBRARY VIVEKANANDA LIBRARY   17/11/2005   510.2462 K889A 226460 17/09/2023 Books
        VIVEKANANDA LIBRARY VIVEKANANDA LIBRARY   17/11/2005   510.2462 K889A 296979 17/09/2023 Books
        VIVEKANANDA LIBRARY VIVEKANANDA LIBRARY   17/11/2005   510.2462 K889A 296980 17/09/2023 Books
        VIVEKANANDA LIBRARY VIVEKANANDA LIBRARY   17/11/2005   510.2462 K889A 296981 17/09/2023 Books
        VIVEKANANDA LIBRARY VIVEKANANDA LIBRARY   17/11/2005   510.2462 K889A 296982 17/09/2023 Books
        VIVEKANANDA LIBRARY VIVEKANANDA LIBRARY   17/11/2005   510.2462 K889A 296983 17/09/2023 Books
© Designed and Maintained by Vivekananda Library, MDU Rohtak